[Event "1st Women FIDE GP Series 2015/16"]
[Site "Monaco MNC"]
[Date "2015.10.11"]
[Round "8"]
[White "Khademalsharieh, S."]
[Black "Hou Yifan"]
[Result "0-1"]
[WhiteElo "2397"]
[BlackElo "2671"]
[PlyCount "112"]
[EventDate "2015.10.03"]

1. d4 g6 2. c4 Bg7 3. Nf3 c5 4. d5 d6 5. Nc3 Bxc3+ 6. bxc3 f5 7. h4 Nf6 8. Bh6
Qa5 9. Qc2 Nbd7 10. e3 Rg8 11. Be2 Nb6 12. Nd2 Bd7 13. f3 Qa4 14. Qb3 O-O-O 15.
Kf2 e6 16. dxe6 Bxe6 17. Qb5 Qc2 18. Rhd1 Qxc3 19. Rac1 Qa3 20. Qb1 Na4 21. Qc2
Rd7 22. Nb1 Qb4 23. Rd3 Nb6 24. Rb3 Qa4 25. Qb2 Rf7 26. Nc3 Qc6 27. Nb5 Kb8 28.
Nxd6 Ne4+ 29. fxe4 Qxd6 30. Bf4 fxe4 31. g3 Ka8 32. Kg2 Qc6 33. Rxb6 Qxb6 34.
Qxb6 axb6 35. Rc3 Rxf4 36. exf4 Rd8 37. Rc2 h5 38. Kf2 Ka7 39. Ke3 Rd4 40. Rc3
Bf7 41. Ra3+ Kb8 42. Rc3 Kc7 43. Rc2 Be6 44. Rc3 Kd6 45. Rc2 b5 46. cxb5 Ra4
47. Rd2+ Bd5 48. f5 gxf5 49. Bxh5 Ke5 50. Rc2 Ra3+ 51. Kf2 b6 52. Be2 Bxa2 53.
h5 Bd5 54. Rc1 e3+ 55. Ke1 Ra7 56. Bc4 Bf3 0-1

[Event "1st Women FIDE GP Series 2015/16"]
[Site "Monaco MNC"]
[Date "2015.10.11"]
[Round "8"]
[White "Zhukova, N."]
[Black "Pogonina, N."]
[Result "1/2-1/2"]
[WhiteElo "2482"]
[BlackElo "2445"]
[PlyCount "64"]
[EventDate "2015.10.03"]

1. c4 e5 2. Nc3 Nf6 3. Nf3 Nc6 4. e3 Be7 5. d4 exd4 6. Nxd4 O-O 7. Be2 Re8 8.
O-O Bf8 9. b3 g6 10. Bb2 Bg7 11. Nxc6 dxc6 12. Qxd8 Rxd8 13. Rfd1 Bf5 14. f3
Rxd1+ 15. Rxd1 Re8 16. g4 Bc8 17. Kf2 Bh6 18. Rd3 Nd7 19. Ne4 f5 20. gxf5 gxf5
21. Nf6+ Nxf6 22. Bxf6 f4 23. e4 Bg7 24. Bxg7 Kxg7 25. Rd4 c5 26. Rd5 b6 27.
Bf1 h6 28. Rd1 Kf6 29. Rd5 Be6 30. Rh5 Kg6 31. Re5 Kf6 32. Rh5 Kg6 1/2-1/2

[Event "1st Women FIDE GP Series 2015/16"]
[Site "Monaco MNC"]
[Date "2015.10.11"]
[Round "8"]
[White "Muzychuk, M."]
[Black "Koneru, H."]
[Result "1-0"]
[WhiteElo "2528"]
[BlackElo "2578"]
[PlyCount "109"]
[EventDate "2015.10.03"]

1. e4 e5 2. Nf3 Nc6 3. Bb5 a6 4. Ba4 Nf6 5. O-O Nxe4 6. d4 b5 7. Bb3 d5 8. dxe5
Be6 9. Qe2 Be7 10. Rd1 O-O 11. c4 bxc4 12. Bxc4 Bc5 13. Be3 Bxe3 14. Qxe3 Qb8
15. Bb3 Qb6 16. Qxb6 cxb6 17. Na3 Rfd8 18. Nc2 Nc5 19. Ncd4 Nb4 20. a3 Nbd3 21.
Rd2 Nxb3 22. Nxb3 Nc5 23. Nxc5 bxc5 24. Rc1 Rdc8 25. Rdc2 Rab8 26. Rxc5 Rxc5
27. Rxc5 Rxb2 28. h3 Rb3 29. Ra5 Bxh3 30. Rxd5 h6 31. Nd2 Rxa3 32. gxh3 Rxh3
33. Nc4 Rh4 34. Rd8+ Kh7 35. Nd6 Rd4 36. Rf8 Rd1+ 37. Kg2 Re1 38. Nxf7 g5 39.
Re8 a5 40. Re6 a4 41. Ra6 a3 42. Rxa3 Kg6 43. Ra7 g4 44. Nh8+ Kf5 45. Rf7+ Kg5
46. Rg7+ Kf4 47. Nf7 h5 48. Rh7 Kf5 49. Rxh5+ Kg6 50. Rh1 Rxh1 51. Kxh1 Kxf7
52. Kg2 Ke6 53. Kg3 Kxe5 54. Kxg4 Kf6 55. Kf4 1-0

[Event "World Championship (rapid) 2015"]
[Site "Berlin GER"]
[Date "2015.10.11"]
[Round "6"]
[White "Lagno, Kateryna"]
[Black "Alekseev, Evgeny"]
[Result "0-1"]
[WhiteElo "2523"]
[BlackElo "2642"]
[PlyCount "116"]
[EventDate "2015.10.10"]

1. Nf3 c5 2. c4 Nc6 3. d4 cxd4 4. Nxd4 Qb6 5. Nb3 e6 6. a3 Nf6 7. Nc3 d6 8. e4
Be7 9. Be2 O-O 10. O-O Qd8 11. Be3 b6 12. f4 Bb7 13. Qd3 Nd7 14. Rfd1 Nc5 15.
Nxc5 dxc5 16. e5 Qb8 17. Bf3 Rd8 18. Qe2 Nd4 19. Bxd4 cxd4 20. Bxb7 Qxb7 21.
Ne4 Rac8 22. b3 a6 23. a4 b5 24. axb5 axb5 25. cxb5 Rd5 26. h3 h6 27. Kh2 Rcd8
28. Rd3 Rxb5 29. Rad1 Qb6 30. Qf3 Ra5 31. Rc1 Ra2 32. Rc4 Ra5 33. Qg4 Kh7 34.
h4 Rb5 35. Qf3 Rb4 36. h5 Rxc4 37. bxc4 Qc7 38. Nd2 Bb4 39. Qe4+ Kg8 40. Nf3
Bc3 41. g4 Qxc4 42. g5 Qd5 43. Qe2 Rb8 44. Kh3 Rb2 45. Qf1 Qe4 46. Nh4 hxg5 47.
fxg5 Qxe5 48. Qg1 Qe4 49. Rg3 Be1 50. g6 Bxg3 51. gxf7+ Kxf7 52. Qxg3 Qh1+ 53.
Kg4 Qe4+ 54. Kh3 Rc2 55. Nf3 Qf5+ 56. Kh4 Rc3 57. Ng5+ Ke7 58. Qh2 e5 0-1

[Event "World Championship (rapid) 2015"]
[Site "Berlin GER"]
[Date "2015.10.11"]
[Round "7"]
[White "Svane, Rasmus"]
[Black "Lagno, Kateryna"]
[Result "1/2-1/2"]
[WhiteElo "2543"]
[BlackElo "2523"]
[PlyCount "102"]
[EventDate "2015.10.10"]

1. d4 Nf6 2. c4 g6 3. Nc3 d5 4. Nf3 Bg7 5. cxd5 Nxd5 6. e4 Nxc3 7. bxc3 c5 8.
Bb5+ Nc6 9. O-O O-O 10. Be3 cxd4 11. cxd4 Bg4 12. Bxc6 bxc6 13. Rc1 Qa5 14.
Rxc6 Qxa2 15. h3 Bd7 16. Rc7 Bb5 17. Qa1 Qe6 18. Rb1 Bd3 19. Rbb7 Bxe4 20. Ng5
Qd5 21. Nxe4 Qxe4 22. Rxe7 Qd5 23. Red7 Qe6 24. Rxa7 Qxd7 25. Rxa8 Qd5 26. Ra5
Qe4 27. Ra7 h5 28. Qa4 Qb1+ 29. Kh2 Qb8+ 30. Kg1 Qb1+ 31. Kh2 Qb8+ 32. g3 h4
33. Qa2 hxg3+ 34. fxg3 Qe8 35. Qf2 Qe4 36. Qf4 Qd5 37. Qg5 Qc4 38. Qf4 Re8 39.
h4 Qd5 40. Qg5 Qf3 41. Re7 Rc8 42. Qf4 Rc2+ 43. Kh3 Qh1+ 44. Kg4 Qd1+ 45. Kh3
Qh1+ 46. Kg4 Qd5 47. Kh3 Re2 48. Qe4 Qxe4 49. Rxe4 Bxd4 50. Rxd4 Rxe3 51. Re4
Re2 1/2-1/2

[Event "World Championship (rapid) 2015"]
[Site "Berlin GER"]
[Date "2015.10.11"]
[Round "8"]
[White "Lagno, Kateryna"]
[Black "Al-Sayed, Mohammed"]
[Result "1-0"]
[WhiteElo "2523"]
[BlackElo "2520"]
[PlyCount "79"]
[EventDate "2015.10.10"]

1. Nf3 Nf6 2. c4 g6 3. Nc3 Bg7 4. e4 d6 5. d4 O-O 6. Be2 e5 7. O-O Nc6 8. Be3
Ng4 9. Bg5 f6 10. Bc1 f5 11. Bg5 Qe8 12. dxe5 Ngxe5 13. Nxe5 Nxe5 14. Nd5 Qf7
15. exf5 Bxf5 16. Ne7+ Kh8 17. Nxf5 gxf5 18. Bh5 Qd7 19. c5 f4 20. cxd6 cxd6
21. Bh4 Bf6 22. Re1 Qe7 23. Bxf6+ Rxf6 24. Bf3 Rg8 25. Bd5 Rg5 26. Rc1 Kg7 27.
h4 Rgg6 28. Rc8 Kh6 29. Qd2 Qd7 30. Rc3 Qg4 31. Kf1 Kg7 32. Rc7+ Kh8 33. Rxb7
f3 34. Rb8+ Kg7 35. Rb7+ Nf7 36. Bxf3 Rxf3 37. gxf3 Qg1+ 38. Ke2 Qh2 39. Qd4+
Kg8 40. Rb8+ 1-0

[Event "World Championship (rapid) 2015"]
[Site "Berlin GER"]
[Date "2015.10.11"]
[Round "9"]
[White "Almasi, Zoltan"]
[Black "Lagno, Kateryna"]
[Result "1-0"]
[WhiteElo "2689"]
[BlackElo "2523"]
[PlyCount "85"]
[EventDate "2015.10.10"]

1. e4 e5 2. Nf3 Nc6 3. Bb5 a6 4. Ba4 Nf6 5. O-O Be7 6. d3 b5 7. Bb3 d6 8. a4 b4
9. Nbd2 O-O 10. Nc4 Bg4 11. Be3 Nd7 12. h3 Bxf3 13. Qxf3 Nd4 14. Bxd4 exd4 15.
Qg3 a5 16. f4 d5 17. exd5 Nc5 18. Qf3 Bf6 19. Rae1 Qd7 20. d6 Rad8 21. Nxa5
Qxd6 22. Nb7 Nxb7 23. Qxb7 c6 24. Re4 g6 25. Qa6 Qc7 26. Qc4 Qb6 27. f5 g5 28.
Rfe1 Kg7 29. Re8 Qc7 30. Rxd8 Rxd8 31. Qxb4 Qg3 32. Qd2 g4 33. Qf2 Qd6 34. hxg4
Bg5 35. Qf3 Qh6 36. g3 Be3+ 37. Kg2 c5 38. Rh1 Qd6 39. f6+ Kg8 40. Qe4 Qxf6 41.
Qxh7+ Kf8 42. Rf1 Qc6+ 43. Kh2 1-0

[Event "World Championship (rapid) 2015"]
[Site "Berlin GER"]
[Date "2015.10.11"]
[Round "10"]
[White "Lagno, Kateryna"]
[Black "Mikhalevski, Victor"]
[Result "0-1"]
[WhiteElo "2523"]
[BlackElo "2536"]
[PlyCount "88"]
[EventDate "2015.10.10"]

1. Nf3 Nf6 2. c4 g6 3. b3 Bg7 4. Bb2 O-O 5. g3 d6 6. Bg2 e5 7. d3 Nc6 8. O-O
Nh5 9. Nc3 f5 10. e3 f4 11. Nd2 Nb4 12. Nde4 c6 13. a3 Na6 14. b4 Nc7 15. c5 d5
16. Nd6 Rb8 17. Qe2 Ne6 18. Nxc8 Qxc8 19. Qg4 f3 20. Bxf3 Nf6 21. Qh3 Ng5 22.
Qxc8 Nxf3+ 23. Kg2 Rbxc8 24. Kxf3 e4+ 25. Kg2 exd3 26. Rad1 Ng4 27. Rxd3 Ne5
28. Rdd1 Nc4 29. Ba1 Nxa3 30. Ne2 a6 31. Bxg7 Kxg7 32. e4 dxe4 33. Nc3 Rce8 34.
Rfe1 e3 35. Rxe3 Rxe3 36. fxe3 Nc2 37. Kh3 Nxe3 38. Rd2 Rf5 39. g4 Rf3+ 40. Kh4
h6 41. Rd7+ Kf8 42. Rd2 Nc4 43. Rd7 g5+ 44. Kh5 Rh3+ 0-1

[Event "World Championship (rapid) 2015"]
[Site "Berlin GER"]
[Date "2015.10.12"]
[Round "11"]
[White "Shabalov, Alexander"]
[Black "Lagno, Kateryna"]
[Result "0-1"]
[WhiteElo "2522"]
[BlackElo "2523"]
[PlyCount "128"]
[EventDate "2015.10.10"]

1. Nf3 g6 2. c4 Bg7 3. Nc3 c5 4. a3 Nc6 5. Rb1 a5 6. g3 d6 7. Bg2 e6 8. O-O
Nge7 9. d3 b6 10. Bd2 Bb7 11. Nb5 O-O 12. Bc3 e5 13. e3 d5 14. d4 cxd4 15. exd4
exd4 16. Nfxd4 dxc4 17. Qa4 Nxd4 18. Bxb7 Ne2+ 19. Kg2 Nxc3 20. bxc3 Rb8 21.
Bf3 Qc8 22. Rfd1 Qc5 23. Rd7 Rbd8 24. Rbd1 Rxd7 25. Rxd7 Be5 26. Nd4 Rc8 27.
Rb7 Bxd4 28. cxd4 Qd6 29. Rd7 Qf6 30. Bb7 Re8 31. Qxc4 Kg7 32. Bf3 Nf5 33. Qc6
Re6 34. Qc7 Rd6 35. d5 Rxd7 36. Qxd7 Qd6 37. Qa4 Qc5 38. Qb3 b5 39. Be4 Nd6 40.
Bf3 b4 41. axb4 axb4 42. Bd1 Ne4 43. Qb2+ Qc3 44. Qxc3+ Nxc3 45. Bb3 Nb5 46.
Bc4 Nd4 47. d6 Kf8 48. d7 Ke7 49. Bxf7 b3 50. f4 b2 51. Ba2 Nb5 52. Bb1 Nc3 53.
Bc2 Kxd7 54. f5 g5 55. Kf3 Ke7 56. Kg4 Kf6 57. Kh5 b1=Q 58. Bxb1 Nxb1 59. h4 h6
60. Kxh6 g4 61. Kh5 Kxf5 62. Kh6 Nc3 63. h5 Ne4 64. Kg7 Nxg3 0-1

[Event "World Championship (rapid) 2015"]
[Site "Berlin GER"]
[Date "2015.10.12"]
[Round "12"]
[White "Lagno, Kateryna"]
[Black "Ehlvest, Jaan"]
[Result "1-0"]
[WhiteElo "2523"]
[BlackElo "2535"]
[PlyCount "59"]
[EventDate "2015.10.10"]

1. Nf3 b6 2. g3 Bb7 3. Bg2 g6 4. O-O Bg7 5. c4 e6 6. Nc3 Ne7 7. d4 O-O 8. e4 d6
9. Be3 Nd7 10. Qd2 Nf6 11. d5 e5 12. b4 Ng4 13. c5 Nxe3 14. Qxe3 bxc5 15. bxc5
Ba6 16. Rfb1 f5 17. Ng5 Bh6 18. h4 f4 19. gxf4 exf4 20. Qf3 Bc8 21. Ne6 Bxe6
22. dxe6 Bg7 23. Rd1 Rc8 24. Rac1 Bxc3 25. Rxc3 Nc6 26. cxd6 Ne5 27. Qh3 Qf6
28. e7 Rfe8 29. d7 Nxd7 30. Rxd7 1-0

[Event "World Championship (rapid) 2015"]
[Site "Berlin GER"]
[Date "2015.10.12"]
[Round "15"]
[White "Safarli, Eltaj"]
[Black "Lagno, Kateryna"]
[Result "1/2-1/2"]
[WhiteElo "2657"]
[BlackElo "2523"]
[PlyCount "67"]
[EventDate "2015.10.10"]

1. e4 e5 2. Nc3 Nc6 3. g3 g6 4. Bg2 Bg7 5. Nf3 Nge7 6. O-O d6 7. d3 h6 8. Be3
g5 9. h3 g4 10. hxg4 Bxg4 11. Qd2 Qd7 12. Nd5 O-O-O 13. c4 h5 14. b4 Bxf3 15.
Bxf3 Nxd5 16. cxd5 Nd4 17. Bxd4 exd4 18. Kg2 Qe7 19. Rh1 h4 20. Rxh4 Rxh4 21.
gxh4 Qxh4 22. Rh1 Qf6 23. Bg4+ Kb8 24. Rh5 Rh8 25. Qg5 Rxh5 26. Qxf6 Rh2+ 27.
Kxh2 Bxf6 28. Bh5 Bh4 29. f3 f6 30. Kh3 Bg5 31. Kg4 Kc8 32. Kf5 Kd7 33. Bf7 Ke7
34. Be6 1/2-1/2

[Event "1st Women FIDE GP Series 2015/16"]
[Site "Monaco MNC"]
[Date "2015.10.13"]
[Round "9"]
[White "Skripchenko, A."]
[Black "Khademalsharieh, S."]
[Result "1-0"]
[WhiteElo "2441"]
[BlackElo "2397"]
[PlyCount "111"]
[EventDate "2015.10.03"]

1. Nf3 Nf6 2. g3 d5 3. Bg2 c6 4. O-O Bf5 5. d3 e6 6. Nh4 Bg6 7. Nxg6 hxg6 8.
Nd2 Nbd7 9. e4 Be7 10. Qe2 dxe4 11. dxe4 Qc7 12. Re1 e5 13. Nf3 Nc5 14. Ng5
Nfd7 15. Qc4 O-O 16. h4 a5 17. Bh3 b5 18. Qe2 Nf6 19. Bd2 Rad8 20. Rad1 Rd4 21.
Bg2 Rfd8 22. Bc1 R8d7 23. Rxd4 Rxd4 24. a3 Rd8 25. Qf3 Qd7 26. Qc3 Qc7 27. Qf3
Bf8 28. Bf1 Rd7 29. Bh3 Rd8 30. Bf1 Rd7 31. b4 Nb7 32. Qb3 axb4 33. axb4 Rd4
34. c3 Rd8 35. Be3 Ra8 36. Rd1 Ng4 37. Bd2 Nd6 38. Be1 Nf6 39. f3 Qa7+ 40. Bf2
Qa4 41. Qb1 Nc4 42. Bxc4 bxc4 43. Rd2 Be7 44. Kg2 Qa3 45. Qc2 Qa1 46. Rd1 Qa2
47. Qc1 Qb3 48. Rd2 Kf8 49. Rb2 Qa4 50. Qf1 Qa3 51. Qxc4 Nd5 52. Rc2 Bxg5 53.
hxg5 Ne7 54. Bc5 Qa6 55. Bxe7+ Kxe7 56. Qc5+ 1-0

[Event "1st Women FIDE GP Series 2015/16"]
[Site "Monaco MNC"]
[Date "2015.10.13"]
[Round "9"]
[White "Cramling, P."]
[Black "Muzychuk, A."]
[Result "1/2-1/2"]
[WhiteElo "2513"]
[BlackElo "2549"]
[PlyCount "39"]
[EventDate "2015.10.03"]

1. Nf3 d5 2. d4 Nf6 3. c4 c6 4. Nc3 e6 5. Bg5 h6 6. Bxf6 Qxf6 7. e3 g6 8. Bd3
dxc4 9. Bxc4 Nd7 10. O-O Bg7 11. a4 O-O 12. a5 Qe7 13. Qc2 Rd8 14. Rfd1 Rb8 15.
h3 Qb4 16. Ra4 Qe7 17. Raa1 Qb4 18. Ra4 Qe7 19. Raa1 Qb4 20. Ra4 1/2-1/2

[Event "1st Women FIDE GP Series 2015/16"]
[Site "Monaco MNC"]
[Date "2015.10.13"]
[Round "9"]
[White "Koneru, H."]
[Black "Kosteniuk, A."]
[Result "1-0"]
[WhiteElo "2578"]
[BlackElo "2530"]
[PlyCount "83"]
[EventDate "2015.10.03"]

1. d4 Nf6 2. c4 e6 3. Nc3 Bb4 4. Qc2 Nc6 5. Nf3 d6 6. Bd2 Qe7 7. a3 Bxc3 8.
Bxc3 e5 9. d5 Nb8 10. Nd2 a5 11. b3 O-O 12. e3 Nbd7 13. Be2 Nc5 14. b4 axb4 15.
axb4 Rxa1+ 16. Bxa1 Na6 17. Bc3 c6 18. dxc6 bxc6 19. Qb2 Re8 20. O-O d5 21. b5
d4 22. Ba5 cxb5 23. cxb5 Nc5 24. exd4 exd4 25. Bf3 Qa7 26. Nc4 Nce4 27. b6 Qd7
28. Rd1 Ng5 29. Qxd4 Nxf3+ 30. gxf3 Qh3 31. Nd6 Rd8 32. Qc4 Be6 33. Qf4 Qh5 34.
Ra1 Nd5 35. Qg3 f5 36. Qe5 Qg5+ 37. Kh1 Nf4 38. Rg1 Qh6 39. Bd2 Bd5 40. Qxd5+
Nxd5 41. Bxh6 Rxd6 42. b7 1-0

[Event "1st Women FIDE GP Series 2015/16"]
[Site "Monaco MNC"]
[Date "2015.10.13"]
[Round "9"]
[White "Pogonina, N."]
[Black "Muzychuk, M."]
[Result "1/2-1/2"]
[WhiteElo "2445"]
[BlackElo "2528"]
[PlyCount "76"]
[EventDate "2015.10.03"]

1. d4 Nf6 2. c4 g6 3. Nc3 d5 4. cxd5 Nxd5 5. Bd2 Bg7 6. e4 Nxc3 7. Bxc3 O-O 8.
Be2 c5 9. d5 e6 10. Nf3 exd5 11. exd5 Nd7 12. O-O Nf6 13. Bc4 Ne4 14. Bxg7 Kxg7
15. Rc1 Qf6 16. Bd3 Nd6 17. Rxc5 Qxb2 18. Qa4 Rd8 19. Rc7 b5 20. Qh4 Qf6 21.
Qb4 Bb7 22. Bxb5 Rab8 23. Be2 Ba6 24. Qd2 Rb2 25. Rc2 Ne4 26. Qc1 Bxe2 27. Qxb2
Qxb2 28. Rxb2 Bxf1 29. Kxf1 Rxd5 30. Rc2 Rd3 31. Rc4 Rxf3 32. Rxe4 Ra3 33. Re2
g5 34. f3 f5 35. Kf2 Kf6 36. g3 f4 37. gxf4 gxf4 38. Kg2 Kf5 1/2-1/2

[Event "1st Women FIDE GP Series 2015/16"]
[Site "Monaco MNC"]
[Date "2015.10.13"]
[Round "9"]
[White "Hou Yifan"]
[Black "Zhukova, N."]
[Result "1-0"]
[WhiteElo "2671"]
[BlackElo "2482"]
[PlyCount "105"]
[EventDate "2015.10.03"]

1. e4 e5 2. Nf3 Nc6 3. Bb5 a6 4. Ba4 Nf6 5. O-O Be7 6. Re1 b5 7. Bb3 d6 8. c3
O-O 9. h3 Re8 10. d4 Bb7 11. Nbd2 Bf8 12. d5 Nb8 13. Nf1 Nbd7 14. N3h2 Nc5 15.
Bc2 c6 16. b4 Ncd7 17. dxc6 Bxc6 18. Bg5 Qc7 19. Bxf6 Nxf6 20. Ng4 Nxg4 21.
hxg4 Be7 22. Bb3 Bg5 23. Qf3 Qb7 24. Rad1 Red8 25. Rd3 a5 26. Ng3 g6 27. Red1
a4 28. Bd5 Rac8 29. Ne2 Kg7 30. g3 Qd7 31. Kg2 h6 32. Bxc6 Qxc6 33. a3 Qc4 34.
Rd5 Qb3 35. Qd3 Rb8 36. Ra1 Qb2 37. Qd1 Rdc8 38. Kf1 Rc4 39. f3 Rb6 40. Qb1
Qxb1+ 41. Rxb1 Kf8 42. Kf2 Ke7 43. f4 Bf6 44. Ke3 exf4+ 45. gxf4 Bxc3 46. Kd3
Bf6 47. Rxb5 Rbc6 48. Ra5 Rc2 49. b5 Rc8 50. Ra7+ Ke6 51. b6 Ra2 52. f5+ Ke5
53. Ra5+ 1-0

[Event "1st Women FIDE GP Series 2015/16"]
[Site "Monaco MNC"]
[Date "2015.10.14"]
[Round "10"]
[White "Muzychuk, A."]
[Black "Dzagnidze, N."]
[Result "0-1"]
[WhiteElo "2549"]
[BlackElo "2573"]
[PlyCount "50"]
[EventDate "2015.10.03"]

1. e4 c5 2. Nf3 Nc6 3. Bb5 Nf6 4. Nc3 Qc7 5. O-O Nd4 6. Re1 a6 7. Bc4 e6 8. e5
Ng8 9. d3 b5 10. Bb3 Bb7 11. Ne4 Nxb3 12. axb3 f5 13. Ng3 Ne7 14. d4 cxd4 15.
Nxd4 Ng6 16. c3 Be7 17. Qh5 O-O 18. Bg5 Bc5 19. Rad1 Nxe5 20. Bf4 Bd6 21. Bxe5
Bxe5 22. Ndxf5 exf5 23. Nxf5 d6 24. f4 g6 25. Nh6+ Kh8 0-1

[Event "1st Women FIDE GP Series 2015/16"]
[Site "Monaco MNC"]
[Date "2015.10.14"]
[Round "10"]
[White "Kosteniuk, A."]
[Black "Pogonina, N."]
[Result "1/2-1/2"]
[WhiteElo "2530"]
[BlackElo "2445"]
[PlyCount "97"]
[EventDate "2015.10.03"]

1. e4 e5 2. Nf3 Nc6 3. Bb5 a6 4. Ba4 Nf6 5. O-O Be7 6. Re1 b5 7. Bb3 d6 8. c3
O-O 9. h3 Bb7 10. d4 Re8 11. Nbd2 exd4 12. cxd4 Nd7 13. Nf1 Na5 14. Bc2 c5 15.
N1h2 cxd4 16. Nxd4 Bf8 17. Nf5 Ne5 18. Bd2 Nac6 19. Bb3 Na5 20. Bd5 Bxd5 21.
exd5 Nac4 22. Bc3 Qg5 23. Ng3 b4 24. Bd4 Ng6 25. Qh5 Rxe1+ 26. Rxe1 Qxh5 27.
Nxh5 Rb8 28. Rc1 Nce5 29. f4 Nd3 30. Rf1 f5 31. g3 b3 32. axb3 Rxb3 33. Nf3
Nxb2 34. Ng5 Nc4 35. Ne6 Nd2 36. Rc1 Nf3+ 37. Kf2 Nxd4 38. Nxd4 Rb2+ 39. Kf3
Ne7 40. Ne6 Rb3+ 41. Kf2 Rb8 42. Ra1 Ra8 43. Ra5 h6 44. g4 Kf7 45. g5 Kg6 46.
Ng3 Kf7 47. Nh5 Kg6 48. Ng3 Kf7 49. Nh5 1/2-1/2

[Event "1st Women FIDE GP Series 2015/16"]
[Site "Monaco MNC"]
[Date "2015.10.14"]
[Round "10"]
[White "Cramling, P."]
[Black "Koneru, H."]
[Result "1/2-1/2"]
[WhiteElo "2513"]
[BlackElo "2578"]
[PlyCount "99"]
[EventDate "2015.10.03"]

1. Nf3 d5 2. d4 Nf6 3. c4 e6 4. Nc3 Bb4 5. Bg5 h6 6. Bxf6 Qxf6 7. e3 O-O 8. Rc1
dxc4 9. Bxc4 c5 10. O-O cxd4 11. Ne4 Qe7 12. exd4 Rd8 13. Qe2 Bd7 14. a3 Bd6
15. Nxd6 Qxd6 16. Rfd1 Ba4 17. Re1 Nd7 18. Bb5 Bxb5 19. Qxb5 Qb6 20. Qe2 Rac8
21. Rc2 Rxc2 22. Qxc2 Nb8 23. h4 Nc6 24. Re4 Rd5 25. b4 a5 26. bxa5 Rxa5 27.
Qd3 Rb5 28. Nd2 Rd5 29. Nf3 Qb2 30. Re2 Qc1+ 31. Re1 Qf4 32. g3 Qd6 33. Qb3 Rf5
34. Re4 Na5 35. Qd3 Nc6 36. Qb3 b5 37. Qe3 Rd5 38. Kg2 Na5 39. Qc3 Nc6 40. Qe3
Qd8 41. Kg1 Rd6 42. Kg2 Na5 43. Qc3 Rc6 44. Qb4 Nc4 45. Qxb5 Rc7 46. Qb4 Qa8
47. Re2 Nxa3 48. Ra2 Ra7 49. Qc5 Nb5 50. Rxa7 1/2-1/2

[Event "1st Women FIDE GP Series 2015/16"]
[Site "Monaco MNC"]
[Date "2015.10.14"]
[Round "10"]
[White "Zhukova, N."]
[Black "Skripchenko, A."]
[Result "1/2-1/2"]
[WhiteElo "2482"]
[BlackElo "2441"]
[PlyCount "62"]
[EventDate "2015.10.03"]

1. d4 Nf6 2. c4 e6 3. Nf3 b6 4. g3 Bb4+ 5. Bd2 Bxd2+ 6. Qxd2 Ba6 7. b3 d5 8.
cxd5 Ne4 9. Qe3 exd5 10. Nc3 Bb7 11. Bg2 O-O 12. Nxe4 dxe4 13. Ne5 Qd5 14. O-O
f6 15. Nc4 f5 16. Qc3 Nd7 17. Rfd1 Nf6 18. Ne5 Qd6 19. Rac1 Nd5 20. Qd2 c6 21.
e3 Rf6 22. f3 exf3 23. Bxf3 Rd8 24. e4 fxe4 25. Bxe4 Ne7 26. Qd3 g6 27. Ng4
Rff8 28. Qe3 Nd5 29. Qg5 Nf6 30. Nh6+ Kh8 31. Bg2 Ng8 1/2-1/2

[Event "1st Women FIDE GP Series 2015/16"]
[Site "Monaco MNC"]
[Date "2015.10.15"]
[Round "11"]
[White "Hou Yifan"]
[Black "Kosteniuk, A."]
[Result "1/2-1/2"]
[WhiteElo "2671"]
[BlackElo "2530"]
[PlyCount "130"]
[EventDate "2015.10.03"]

1. e4 e5 2. Nc3 Nf6 3. g3 Nc6 4. Bg2 Bc5 5. Nge2 d6 6. h3 Be6 7. Na4 a6 8. Nxc5
dxc5 9. d3 Qd6 10. Be3 Nd7 11. O-O f6 12. c3 O-O-O 13. Qc2 f5 14. Rad1 Nf6 15.
f4 fxe4 16. dxe4 Qe7 17. f5 Bf7 18. g4 h6 19. Nc1 Na5 20. b3 b6 21. Bf3 Kb8 22.
Rxd8+ Rxd8 23. h4 Nh7 24. Qh2 c4 25. b4 Nb7 26. Kg2 Nd6 27. g5 Be8 28. Qg3 Bc6
29. Qg4 hxg5 30. Bxg5 Nxg5 31. Qxg5 Qxg5+ 32. hxg5 Bxe4 33. Re1 Bxf5 34. Rxe5
g6 35. Re7 Bd3 36. Bc6 Nb5 37. Bxb5 axb5 38. Re5 Kb7 39. Kf2 Kc6 40. Ke3 Rh8
41. Nxd3 Rh3+ 42. Kd2 Rxd3+ 43. Kc2 Kd6 44. Rxb5 Rg3 45. a4 Rg2+ 46. Kb1 Re2
47. Kc1 Kc6 48. Kb1 Re3 49. Kc2 Re1 50. Kb2 Re8 51. Ka2 Kd6 52. Kb2 Re1 53. Kc2
Re2+ 54. Kc1 Ra2 55. a5 Kc6 56. Re5 bxa5 57. Rc5+ Kb6 58. Rxc4 a4 59. Rc5 Rg2
60. Kb1 a3 61. Ra5 Rb2+ 62. Ka1 Rg2 63. Kb1 c6 64. Rc5 Rb2+ 65. Ka1 Rg2 1/2-1/2

[Event "1st Women FIDE GP Series 2015/16"]
[Site "Monaco MNC"]
[Date "2015.10.15"]
[Round "11"]
[White "Skripchenko, A."]
[Black "Muzychuk, M."]
[Result "1/2-1/2"]
[WhiteElo "2441"]
[BlackElo "2528"]
[PlyCount "43"]
[EventDate "2015.10.03"]

1. e4 c5 2. Nc3 Nc6 3. Bb5 Nd4 4. Bc4 e6 5. Nge2 Nf6 6. O-O a6 7. d3 b5 8. Bb3
Nxb3 9. axb3 Bb7 10. f4 d5 11. e5 d4 12. exf6 dxc3 13. f5 Qxf6 14. fxe6 cxb2
15. Bxb2 Qxb2 16. exf7+ Kd7 17. c3 Bd6 18. Rb1 Qa2 19. Ra1 Qb2 20. Rb1 Qa2 21.
Ra1 Qb2 22. Rb1 1/2-1/2

[Event "1st Women FIDE GP Series 2015/16"]
[Site "Monaco MNC"]
[Date "2015.10.15"]
[Round "11"]
[White "Dzagnidze, N."]
[Black "Khademalsharieh, S."]
[Result "1-0"]
[WhiteElo "2573"]
[BlackElo "2397"]
[PlyCount "100"]
[EventDate "2015.10.03"]

1. c4 Nf6 2. Nc3 c5 3. Nf3 Nc6 4. d4 cxd4 5. Nxd4 g6 6. g3 Bg7 7. Bg2 O-O 8.
O-O Nxd4 9. Qxd4 d6 10. Qd3 Bf5 11. e4 Be6 12. b3 a6 13. Be3 Nd7 14. Bd4 Qa5
15. f4 Nc5 16. Qe3 Bxd4 17. Qxd4 f6 18. e5 dxe5 19. fxe5 Rad8 20. Nd5 Bxd5 21.
cxd5 fxe5 22. Qxe5 Qb6 23. Qe3 Nd7 24. Rfe1 Kf7 25. d6 exd6 26. Bd5+ Kg7 27.
Qxb6 Nxb6 28. Re7+ Kf6 29. Re6+ Kg7 30. Bxb7 a5 31. Rc1 Rd7 32. Bg2 Rc8 33. Rc6
Rxc6 34. Bxc6 Rd8 35. Re7+ Kf6 36. Rb7 Nc8 37. Rb8 Ke7 38. Kf2 d5 39. Ke3 Nd6
40. Rxd8 Kxd8 41. Bxd5 Kd7 42. Kd4 h6 43. Kc5 Kc7 44. Bc4 Ne4+ 45. Kd4 Nf6 46.
Ke5 Ng4+ 47. Kf4 Nf2 48. Be2 Kd6 49. h4 g5+ 50. Kf3 Kd5 1-0

[Event "1st Women FIDE GP Series 2015/16"]
[Site "Monaco MNC"]
[Date "2015.10.15"]
[Round "11"]
[White "Koneru, H."]
[Black "Muzychuk, A."]
[Result "0-1"]
[WhiteElo "2578"]
[BlackElo "2549"]
[PlyCount "98"]
[EventDate "2015.10.03"]

1. d4 d5 2. c4 c6 3. Nf3 Nf6 4. e3 Bg4 5. h3 Bh5 6. cxd5 cxd5 7. Nc3 e6 8. Qa4+
Nbd7 9. Ne5 Bd6 10. Bb5 a6 11. Bxd7+ Nxd7 12. Qxd7+ Qxd7 13. Nxd7 Kxd7 14. Na4
Rab8 15. Nc5+ Bxc5 16. dxc5 Rhc8 17. b4 b6 18. cxb6 Rc2 19. Bd2 Rxb6 20. f3 Bg6
21. a4 Bd3 22. g4 e5 23. Rh2 Rxb4 24. Rf2 Rbb2 25. Rc1 d4 26. exd4 exd4 27. a5
Rb5 28. Rxc2 Bxc2 29. Kf1 Kc6 30. Kg2 Kd5 31. Rf1 Rb2 32. Rf2 Ra2 33. Be1 d3
34. f4 f5 35. Kf3 Kd4 36. Kg3 Ra1 37. Bd2 g6 38. gxf5 gxf5 39. Rg2 Rd1 40. Kf3
Bb3 41. Be3+ Kc3 42. Rg7 Bd5+ 43. Kg3 Rg1+ 44. Bxg1 d2 45. Rc7+ Kb3 46. Bb6
d1=Q 47. Kh4 Qf3 48. Rxh7 Qxf4+ 49. Kh5 Qg3 0-1

[Event "1st Women FIDE GP Series 2015/16"]
[Site "Monaco MNC"]
[Date "2015.10.15"]
[Round "11"]
[White "Pogonina, N."]
[Black "Cramling, P."]
[Result "1/2-1/2"]
[WhiteElo "2445"]
[BlackElo "2513"]
[PlyCount "62"]
[EventDate "2015.10.03"]

1. e4 c5 2. Nf3 e6 3. d4 cxd4 4. Nxd4 Nc6 5. Nc3 d6 6. Be2 Nf6 7. O-O Be7 8.
Kh1 O-O 9. f4 Nxd4 10. Qxd4 b6 11. Bf3 Bb7 12. Be3 Qc7 13. Nb5 Qb8 14. c4 Rd8
15. Qd3 a6 16. Nc3 Nd7 17. Rac1 Qc7 18. Rfd1 Rac8 19. Qd2 Qb8 20. b3 Bc6 21. a4
b5 22. axb5 axb5 23. cxb5 Bxb5 24. Nxb5 Qxb5 25. b4 Nf6 26. Rxc8 Rxc8 27. h3 d5
28. exd5 Nxd5 29. Bxd5 exd5 30. Qxd5 Qxd5 31. Rxd5 Bxb4 1/2-1/2